Super Mario Power-Ups Quiz - Statistics

General Stats
  • This quiz has been taken 14 times
  • The average score is 12 of 20
Answer Stats
Hint Answer % Correct
Gives You An Extra Life 1-Up
100%
Makes You Throw Fire Fire Flower
100%
Makes You Swim Faster Frog Suit
80%
Makes You Huge Mega Mushroom
80%
Makes You Tiny Mini Mushroom
80%
Makes You Big Super Mushroom
80%
You Can Now Throw Ice Ice Flower
70%
Power Up That Makes You Invincible Super Star
70%
Can Make You Throw Boomerangs Boomerang Flower
60%
Makes You Fly Like A Helicopter Propeller Mushroom
60%
Makes You A Cat Super Bell
60%
BUZZZZ Bee Mushroom
50%
You Can Be A Koopa Blue Shell
50%
Can Clone You Double Cherry
50%
Makes You Throw Hammers Hammer Suit
50%
The Above But Better Penguin Suit
50%
Makes You A Boulder Rock Mushroom
40%
Worst Power-Up Ever Spring Mushroom
40%
Makes You A Flying Furry Tanooki Leaf
30%
Makes You Shoot Gold Balls Golden Flower
20%
No matching quizzes found
Score Distribution
Percent of People with Each Score
Percentile by Number Answered
Your Score History
You have not taken this quiz